000 01271cam a22003617a 4500
003 CHAP
005 20220817043958.0
008 110105d2004 mx r 00110 spa d
010 _a89251
011 _a90223
035 _a100779
040 _cCHAP
090 _aTesis
100 0 0 _aSánchez González, Arturo.
245 1 0 _aAnálisis sinecológico, florístico y biogeográfico de la vegetación del norte de la Sierra Nevada, México
_c/por Arturo Sánchez González
260 _aMontecillo, Méx. :
_bEl autor,
_c2004.
300 _a153 h.
502 _aTesis (Doctor en Ciencias) - - C. P. Instituto de Recursos Materiales. Programa en Botánica
590 _aALEPH
_b10
_c20130110
_lUCH01
_h1502
590 _aBATCH-UPD
_b10
_c20130110
_lUCH01
_h0158
590 _aBATCH-UPD
_b10
_c20130110
_lUCH01
_h1005
590 _aBATCH-UPD
_b10
_c20130409
_lUCH01
_h2204
590 _aBATCH-UPD
_b10
_c20130410
_lUCH01
_h1330
590 _aBATCH-UPD
_b10
_c20130914
_lUCH01
_h0738
590 _aCONVERSION
_b10
_c20130109
_lUCH01
_h1349
650 1 4 _aBotánica
_xMetodología.
_914588
650 1 4 _aFitogeografía.
_941157
650 1 4 _aSinecología.
_9106578
901 _aBK
905 _aLilia
942 _cTESIS
949 _aTesis
_bBC
_cTES
_d100779
_eTS1
_h43104
_i100779
_sb
999 _c89251
_d89251